Zero Percentile - 2.0 Missed Iit Kissed Gurgaon (Record no. 476)

MARC details
000 -LEADER
fixed length control field 00315nam a2200121Ia 4500
008 - FIXED-LENGTH DATA ELEMENTS--GENERAL INFORMATION
fixed length control field 191201s2001 xx 000 0 und d
100 ## - MAIN ENTRY--PERSONAL NAME
Personal name CHHIBBA,Neeraj
245 #0 - TITLE STATEMENT
Title Zero Percentile - 2.0 Missed Iit Kissed Gurgaon
260 ## - PUBLICATION, DISTRIBUTION, ETC. (IMPRINT)
Place of publication, distribution, etc N. Delhi
Name of publisher, distributor, etc Rupa Pub
Date of publication, distribution, etc 2001
300 ## - PHYSICAL DESCRIPTION
Extent NULL
650 ## - SUBJECT ADDED ENTRY--TOPICAL TERM
Topical term or geographic name as entry element General Books
942 ## - ADDED ENTRY ELEMENTS (KOHA)
Source of classification or shelving scheme Dewey Decimal Classification
Koha item type Text Books
Holdings
Withdrawn status Lost status Source of classification or shelving scheme Damaged status Not for loan Collection code Home library Current library Date acquired Source of acquisition Bill Number Total Checkouts Full call number Acc. no. / Barcode Date last seen Date last borrowed Bill Date Koha item type Public note Checked out
    Dewey Decimal Classification     GENERAL PIET C-LIBRARY PIET C-LIBRARY 28/11/2015 COMPLEMENTRY DONATED BY MANAGEMENT 4 823.92 CHZ 27919 07/04/2026 25/03/2026 19/10/2015 Text Books Donated By Management  
    Dewey Decimal Classification     GENERAL PIET C-LIBRARY PIET C-LIBRARY 28/11/2015 COMPLEMENTRY DONATED BY MANAGEMENT 1 823.92 CHZ 27920 27/01/2021 27/01/2021 19/10/2015 Text Books Donated By Management 26/07/2021
    Dewey Decimal Classification     GENERAL PIET C-LIBRARY PIET C-LIBRARY 28/11/2015 COMPLEMENTRY DONATED BY MANAGEMENT 5 823.92 CHZ 27921 19/11/2025 07/11/2025 19/10/2015 Text Books Donated By Management  
    Dewey Decimal Classification     GENERAL PIET C-LIBRARY PIET C-LIBRARY 28/11/2015 COMPLEMENTRY DONATED BY MANAGEMENT 3 823.92 CHZ 27922 18/07/2024 18/07/2024 19/10/2015 Text Books Donated By Management 03/02/2025

Design & Developed by: PIET Central Library
R70 Miles Stone Pattikalyana Samalkha Panipat 132102
mail ID :- [email protected], Phone No:- 0180-2569700 Ex.216